Real analysis

Αποθηκεύτηκε σε:
Λεπτομέρειες βιβλιογραφικής εγγραφής
Κύριος συγγραφέας: DiBenedetto, Emmanuele
Μορφή: Βιβλίο
Γλώσσα:English
Δημοσίευση: Boston : Birkhauser, c2002
Σειρά:Birkhauser advanced texts
Θέματα:
Ετικέτες: Προσθήκη ετικέτας
Δεν υπάρχουν, Καταχωρήστε ετικέτα πρώτοι!

MARC

LEADER 00000nam a2200000 i 4500
001 1/57405
008 071009s2002 eng d
020 |a 0-8176-4231-5 
020 |a 3-7643-4231-5 
035 |l 10091312 
040 |a GR-MY-UA  |b gre  |e aacr 
041 0 |a eng 
082 0 |a 515  |2 (22) 
100 1 |a DiBenedetto, Emmanuele. 
245 1 0 |a Real analysis /  |c Emmanuele DiBenedetto 
260 |a Boston :   |b Birkhauser,   |c c2002 
300 |a xxiv, 485 σ.;  |c 24 εκ. 
490 1 |a Birkhauser advanced texts 
504 |a Περιλαμβάνει βιβλιογραφικές παραπομπές (σ. [469]-472) και ευρετήριο 
650 0 0 |a Mathematical analysis. 
830 0 |a Birkhauser advanced texts 
852 |a INST  |b SAMOS  |e 20071009  |h 515 DIB  |p 005300028143  |q 005300028143  |t BK  |y 0 
901 |a BIBL3-2007-3 
909 |a Σ  |b 139344 
922 |a 3ΕΛΗ  |b 200709  |c ΕΠΕΑΕΚ2/ΤΜΗΜΑ ΜΑΘΗΜΑΤΙΚΩΝ  |d ΠΑΠΑΣΩΤΗΡΙΟΥ 
970 |a ΡΟΥΣΣΟΥ  |b ΚΩΝΣΤΑΝΤΙΝΑ  |z 2007/10/09